| 000 | 00860nam a2200289Ia 4500 | ||
|---|---|---|---|
| 003 | OSt | ||
| 005 | 20221005060816.0 | ||
| 006 | a|||||r|||| 00| 0 | ||
| 007 | ta | ||
| 008 | 221004b |||||||| |||| 00| 0 eng d | ||
| 020 |
_a0415112486 _c3762 |
||
| 024 | _a82395 | ||
| 037 |
_b5986, 30/03/2005, Elite Publishers Distributors _cTextual |
||
| 040 |
_aCRL _cCRL _beng |
||
| 041 |
_2eng _aeng |
||
| 082 | _aR3xN06:g(W), P2 | ||
| 100 |
_aCaygill Howard _935531 |
||
| 245 | 0 | _aLevinas and the political | |
| 260 |
_aLondon _bRoutledge U. K. _c2002 |
||
| 300 |
_a218p. _ccm. |
||
| 490 | _aThinking the political | ||
| 650 | _a PHILOSOPHY | ||
| 650 | _a POLITICAL SCIENCE | ||
| 650 | _aMETAPHYSICS | ||
| 942 |
_hR3xN06:g(W), P2 _cTEXL _2cc |
||
| 999 |
_c967270 _d967270 |
||